Phương pháp giải phương trình và bất phương trình vô tỉ

Tìm hiểu một cách tổng quan về phương trình và bất phương trình vô tỉ. Nghiên cứu các phương pháp giải phương trình và bất phương trình vô tỉ. Xây dựng quy trình và định hướng cho từng phương pháp giải cùng các ví dụ minh họa. Nghiên cứu sự trợ giúp của máy tính cầm tay vào việc giải phương trình vô...

Descripción completa

Guardado en:
Detalles Bibliográficos
Autor principal: Nguyễn Chiến Thắng
Otros Autores: Nguyễn Ngọc Châu TS. (Hướng dẫn)
Formato: Libro
Lenguaje:Vietnamese
Publicado: Đà Nẵng Đại học Đà Nẵng 2016
Materias:
Etiquetas: Agregar Etiqueta
Sin Etiquetas, Sea el primero en etiquetar este registro!
Thư viện lưu trữ: Mạng thư viện Đại học Đà Nẵng
LEADER 01953nam a2200361 4500
001 000024402
003 20890
005 20161223091234.0
008 161208s2016 viesd
041 |a vie 
082 1 4 |a 512.94  |b NG-T 
100 1 |a Nguyễn Chiến Thắng 
245 1 0 |a Phương pháp giải phương trình và bất phương trình vô tỉ  |c Nguyễn Chiến Thắng ; Nguyễn Ngọc Châu hướng dẫn  |k Luận văn tốt nghiệp 
260 |a Đà Nẵng  |b Đại học Đà Nẵng  |c 2016 
300 |a 85 tr. ; phụ lục 3 tr.  |c 29 cm.  |e Tóm tắt 
500 |a Luận văn Thạc sĩ Khoa Học. Chuyên ngành : Phương pháp toán sơ cấp. Mã số: 60 46 01 13 
520 3 |a Tìm hiểu một cách tổng quan về phương trình và bất phương trình vô tỉ. Nghiên cứu các phương pháp giải phương trình và bất phương trình vô tỉ. Xây dựng quy trình và định hướng cho từng phương pháp giải cùng các ví dụ minh họa. Nghiên cứu sự trợ giúp của máy tính cầm tay vào việc giải phương trình vô tỉ. 
650 0 4 |a Phương trình vô tỉ  |v Luận văn thạc sĩ  |x Phương pháp giải 
650 0 4 |a Bất phương trình vô tỉ  |v Luận văn thạc sĩ  |x Phương pháp giải 
653 |a Bất phương trình vô tỉ 
653 |a Phương pháp toán sơ cấp 
653 |a Phương trình vô tỉ 
700 1 |a Nguyễn Ngọc Châu  |c TS.  |e Hướng dẫn 
OWN |a LSP 
AVA |a UDN50  |b LSP  |d 512.94 NG-T  |e available  |t Error 5001 Not defined in file expand_doc_bib_avail.  |f 1  |g 0  |h N  |i 0  |k 1 
999 |a From the UDN01 
AVA |a UDN50  |b LSP  |d 512.94 NG-T  |e available  |t Error 5001 Not defined in file expand_doc_bib_avail.  |f 1  |g 0  |h N  |i 0  |k 1 
TYP |a Monograph 
TYP |a Printed language 
980 |a Mạng thư viện Đại học Đà Nẵng